MARC details
| 000 -LEADER |
| fixed length control field |
01036nam a2200265Ia 4500 |
| 003 - CONTROL NUMBER IDENTIFIER |
| control field |
IN-BaIIA |
| 008 - FIXED-LENGTH DATA ELEMENTS--GENERAL INFORMATION |
| fixed length control field |
211028s9999 xx 000 0 eng d |
| 020 ## - INTERNATIONAL STANDARD BOOK NUMBER |
| International Standard Book Number |
90-227-2706-6 |
| 040 ## - CATALOGING SOURCE |
| Transcribing agency |
IIA Library |
| 080 ## - UNIVERSAL DECIMAL CLASSIFICATION NUMBER |
| Universal Decimal Classification number |
52(082.1) |
| Item number |
ASS-143 |
| 111 ## - MAIN ENTRY--MEETING NAME |
| Meeting name or jurisdiction name as entry element |
Midnight Sun Conference on Activity in Cool Star Envelopes |
| Location of meeting |
Tromso, Norway |
| Date of meeting or treaty signing |
1987 July 1-8 |
| 9 (RLIN) |
15828 |
| 245 #0 - TITLE STATEMENT |
| Title |
Activity in cool star envelopes |
| Remainder of title |
proceedings of midnight sun conference on activity in cool star envelopes, held in Tromso, Norway, July 1-8, 1987 |
| Statement of responsibility, etc. |
edited by O, Havnes…[et al.] |
| 260 ## - PUBLICATION, DISTRIBUTION, ETC. |
| Place of publication, distribution, etc. |
Dordrecht |
| Name of publisher, distributor, etc. |
Kluwer Academic |
| Date of publication, distribution, etc. |
1988 |
| 300 ## - PHYSICAL DESCRIPTION |
| Extent |
xiii, 354p. |
| 490 ## - SERIES STATEMENT |
| Series statement |
Astrophysics and space science library; v. 143 |
| 650 ## - SUBJECT ADDED ENTRY--TOPICAL TERM |
| Topical term or geographic name entry element |
Astronomy and Astrophysics Thesaurus |
| 650 ## - SUBJECT ADDED ENTRY--TOPICAL TERM |
| Topical term or geographic name entry element |
Circumstellar matter |
| 9 (RLIN) |
1297 |
| 650 ## - SUBJECT ADDED ENTRY--TOPICAL TERM |
| Topical term or geographic name entry element |
Circumstellar shells |
| 9 (RLIN) |
15829 |
| 650 ## - SUBJECT ADDED ENTRY--TOPICAL TERM |
| Topical term or geographic name entry element |
Cool stars |
| 9 (RLIN) |
5425 |
| 700 ## - ADDED ENTRY--PERSONAL NAME |
| Personal name |
Havnes, O., ed. |
| 9 (RLIN) |
15830 |
| 700 ## - ADDED ENTRY--PERSONAL NAME |
| Personal name |
Pettersen, B. R., ed. |
| 9 (RLIN) |
15831 |
| 700 ## - ADDED ENTRY--PERSONAL NAME |
| Personal name |
Schmitt, J. H. M. M., ed. |
| 9 (RLIN) |
15832 |
| 700 ## - ADDED ENTRY--PERSONAL NAME |
| Personal name |
Solheim, J. E., ed. |
| 9 (RLIN) |
15833 |
| 942 ## - ADDED ENTRY ELEMENTS (KOHA) |
| Koha item type |
Books |